| 000 | 00662nas a2200229 4500 | ||
|---|---|---|---|
| 001 | BR9207383 | ||
| 003 | BR-BrBNA | ||
| 005 | 20231205095023.0 | ||
| 007 | ta | ||
| 008 | 230509b bl.|||p| |||| 00| 00por d | ||
| 040 |
_aBR-BrBNA _bpor _cBiblioteca Nacional de Agricultura |
||
| 041 | _a(Pt) | ||
| 072 | _aF01 | ||
| 100 | 1 | _aHerter, F.G. | |
| 100 | 1 | _aRaseira, M. do C.B. | |
| 245 | 1 | _aCerejeira e sua perspectiva de cultivo no sul do Brasil | |
| 650 | _aCereja | ||
| 650 | _aPratica Cultural | ||
| 773 | 0 |
_tHorti Sul (Brazil) _xISSN 0103-3700 _g(Dec 1989), v. 1(2) p. 40-45 _wBR9207383 |
|
| 909 |
_a202311 _bLúcia _c55 _dLúcia Elande |
||
| 942 |
_2AGRIS _n0 _cANA |
||
| 999 |
_c148293 _d148293 |
||